Lịch sử Đông Nam Á

में बचाया:
ग्रंथसूची विवरण
मुख्य लेखक: Lương, Ninh
अन्य लेखक: Trần, Thị Vịnh, Đỗ, Thanh Bình
स्वरूप: पुस्तक
प्रकाशित: Hà Nội Giáo dục 2005
विषय:
टैग : टैग जोड़ें
कोई टैग नहीं, इस रिकॉर्ड को टैग करने वाले पहले व्यक्ति बनें!
Thư viện lưu trữ: Trung tâm Học liệu Lê Vũ Hùng, Trường Đại học Đồng Tháp
LEADER 00815pam a22002538a 4500
001 00038678
005 20171026081025.0
008 170516s2005 ||||||Viesd
041 0 # |a Vie 
082 1 4 |a 959  |b L302S 
100 1 # |a Lương, Ninh 
245 1 0 |a Lịch sử Đông Nam Á  |c Lương Ninh (chủ biên), Đỗ Thanh Bình, Trần Thị Vịnh 
260 # # |a Hà Nội  |c 2005  |b Giáo dục 
300 # # |a 695tr.  |c 24 cm 
653 # # |a Lịch sử 
653 # # |a Đông Nam á 
700 1 # |a Trần, Thị Vịnh 
700 1 # |a Đỗ, Thanh Bình 
852 # # |b Kho mượn  |j KM.0022384 
852 # # |b Kho đọc  |j KD.0021285 
852 # # |j KD.0021285  |j KM.0022384 
910 |d 16/05/2017 
980 # # |a Trung tâm Học liệu Lê Vũ Hùng, Trường Đại học Đồng Tháp